Statistics for Chess Pieces on a Board

Click here to take the quiz!

General Stats

  • This quiz has been taken 2,739 times
    (2,373 since last reset)
  • The average score is 31 of 32

Answer Stats

Piece % Correct
99%
99%
99%
99%
99%
99%
99%
99%
99%
99%
99%
99%
98%
98%
98%
98%
98%
98%
98%
98%
98%
98%
98%
98%
98%
98%
97%
97%
97%
97%
97%
97%

Score Distribution

Percentile by Number Answered

Percent of People with Each Score

Your Score History

You have not taken this quiz since the last reset